Wpływ konstrukcji głowicy osełkowej na możliwość uzyskania stałego nacisku osełki na przedmiot w całym cyklu gładzenia = (Rekord nr 459)
| 000 -ETYKIETA REKORDU | |
|---|---|
| podpole kontrolne o stałej długości | 02155nab a2200229 i 4500 |
| 001 - NUMER KONTROLNY REKORDU | |
| podpole kontrolne | BPP |
| 003 - IDENTYFIKATOR NUMERU KONTROLNEGO REKORDU | |
| podpole kontrolne | BPK |
| 005 - DATA OSTATNIEJ MODYFIKACJI REKORDU | |
| podpole kontrolne | 20190610114319.0 |
| 008 - POLE O STAŁEJ DŁUGOŚCI - DANE KONTROLNE | |
| podpole kontrolne o stałej długości | 141104s1990 pl n f |000 0pol |
| 040 ## - ŹRÓDŁO KATALOGOWANIA | |
| Instytucja, która utworzyła rekord | BPK |
| 080 ## - UNIWERSALNA KLASYFIKACJA DZIESIĘTNA - UKD | |
| UKD | 621.791/.795 |
| 100 ## - NAZWA OSOBOWA | |
| Nazwa osobowa | WALASIK, Stanisław. |
| Lata pracy | 1973 - 1996. |
| Instytucja | Wyższa Szkoła Inżynierska w Koszalinie - Wydział Mechaniczny, |
| Wydział | Zakład Maszyn i Urządzeń Rolniczych |
| 245 ## - TYTUŁ/ODPOWIEDZIALNOŚĆ | |
| Tytuł | Wpływ konstrukcji głowicy osełkowej na możliwość uzyskania stałego nacisku osełki na przedmiot w całym cyklu gładzenia = |
| Ciąg dalszy tytułu | The effect of honing tool design on the possibility of obtaining the hone constant pressure on the workpiece within the whole honing cycle / |
| Pozostałe elementy strefy tytułu i oznaczenia odpowiedzialności | Stanisław Walasik, Marek Bohuszewicz. |
| 260 ## - STREFA ADRESU WYDAWNICZEGO | |
| Data publikacji, dystrybucji/powstania dokumentu | 1990. |
| 500 ## - UWAGI OGÓLNE | |
| Tekst uwagi | Dane z autopsji. |
| 520 ## - UWAGA DOTYCZĄCA TREŚCI DOKUMENTU | |
| Analiza dokumentacyjna, adnotacja itp. | W artykule - pracy przeanalizowano główne czynniki mające istotny wpływ na prawidłowy przebieg procesu gładzenia - honowania. Dokonano szczegółowej analizy rozkładu sił występujących w głowicy osełkowej w pełnym cyklu obróbkowym. Stwierdzono, że w trakcie gładzenia, nacisk osełek na przedmiot obrabiany w strefie skrawania przy ruchu głowicy do góry jest 1,9 razy większy niż przy jej ruchu w dół. Powoduje to, że struktura geometryczna obrobionej powierzchni posiada rysy o różnej głębokości i wysokości wierzchołków oraz przypadkowym ich rozmieszczeniu, co wpływa ujemnie na współpracę skojarzenia tuleja - tłok, szczególnie w okresie docierania. Analiza ta pozwoliła na opracowanie konstrukcji specjalnej głowicy osełkowej zapewniającej stały nacisk narzędzia na powierzchnie obrabiane w pełnym cyklu gładzenia i kształtowania bardziej równomiernej stereometrii powierzchni o korzystnych właściwościach użytkowych. |
| 650 #0 - HASŁO PRZEDMIOTOWE W FORMIE NAZWY OGÓLNEJ LUB JEDNOSTKOWEJ | |
| Nazwa ogólna lub geograficzna | Polerowanie. |
| 650 #0 - HASŁO PRZEDMIOTOWE W FORMIE NAZWY OGÓLNEJ LUB JEDNOSTKOWEJ | |
| Nazwa ogólna lub geograficzna | Inżynieria powierzchni |
| 700 ## - HASŁO DODATKOWE - NAZWA OSOBOWA | |
| Nazwa osobowa | BOHUSZEWICZ, Marek. |
| Lata pracy | 1977 - 1996. |
| Instytucja | Wyższa Szkoła Inżynierska w Koszalinie - Wydział Mechaniczny, |
| Wydział | Zakład Maszyn i Urządzeń Rolniczych |
| 773 ## - TYTUŁ DOKUMENTU MACIERZYSTEGO | |
| Wyrażenie wprowadzające | W : |
| Tytuł | Zeszyty Naukowe Wydziału Mechanicznego Wyższej Szkoły Inżynierskiej w Koszalinie. - |
| Informacje dotyczące relacji | 1990, nr 14 [37], s. 235-258 |
| 942 ## - HASŁO DODATKOWE - ELEMENTY(KOHA) | |
| Typ dokumentu | Artykuł |
| Schemat klasyfikacji | Uniwersalna klasyfikacja dziesiętna |
| Wycofany | Zagubiony | Uszkodzony | Dostępność | Lokalizacja stała | Lokalizacja bieżąca | Sygnatura | Typ dokumentu |
|---|---|---|---|---|---|---|---|
| Dostępny | Bibliografia Prac Pracowników - BPK | Bibliografia Prac Pracowników - BPK | 0100 | Artykuł |
